Normal view MARC view

Entry Personal Name

Number of records used in: 2

001 - CONTROL NUMBER

  • control field: 84019

003 - CONTROL NUMBER IDENTIFIER

  • control field: dpl

005 - DATE AND TIME OF LATEST TRANSACTION

  • control field: 20250808151400.0

008 - FIXED-LENGTH DATA ELEMENTS

  • fixed length control field: 250808|| aca||aabn | a|a d

040 ## - CATALOGING SOURCE

  • Original cataloging agency: dpl
  • Transcribing agency: dpl

100 ## - HEADING--PERSONAL NAME

  • Personal name: भुराड़िया , निर्मला

670 ## - SOURCE DATA FOUND

  • Source citation: Work cat.: (dpl)212982: भुराड़िया , निर्मला , गुलाम मंडी /, 2023

© Delhi Public Library
Hit Counter
free hit counter